[Event "II American Continental"]
[Site "Buenos Aires ARG"]
[Date "2003.08.27"]
[Round "9"]
[White "Restuccia,F"]
[Black "Ferrara,A"]
[Result "1/2-1/2"]
[WhiteElo "2239"]
[BlackElo "2210"]

1.e4 c5 2.c3 Nf6 3.e5 Nd5 4.d4 cxd4 5.Qxd4 e6 6.Nf3 Nc6 7.Qe4 f5 8.Qe2 Qc7
9.g3 d6 10.exd6 Bxd6 11.Bg2 O-O 12.O-O Nf6 13.Nd4 Nxd4 14.cxd4 Bd7 15.Nc3 a6
16.Bg5 Rae8 17.Rac1 Qb8 18.Rfd1 Kh8 19.Bxf6 Rxf6 20.f4 g5 21.fxg5 Rg6 22.Qf3 Bc6
23.d5 exd5 24.Nxd5 Rxg5 25.Qc3+ Be5 26.Qd2 Rg7 27.Bf3 Bxg3 28.hxg3 Qxg3+
29.Bg2 Rd8 30.Rc3 Rxd5 31.Qxd5 Qxg2+ 32.Qxg2 Rxg2+ 33.Kf1 Rxb2 34.Rg3 h5
35.Rd8+ Kh7 36.Rgg8  1/2-1/2

[Event "Acropolis Open"]
[Site "Athens GRE"]
[Date "2003.08.28"]
[Round "4"]
[White "Skiadopoulos,N"]
[Black "Stamenkov,V"]
[Result "1-0"]
[WhiteElo "2225"]
[BlackElo "2411"]

1.e4 c5 2.c3 Nf6 3.e5 Nd5 4.d4 cxd4 5.Nf3 e6 6.cxd4 d6 7.a3 Nc6 8.Bd3 Qc7
9.O-O Bd7 10.Re1 dxe5 11.dxe5 Be7 12.Bd2 Rd8 13.Nc3 Nxc3 14.Bxc3 Nb8 15.Qe2 Bc6
16.Nd4 O-O 17.Bxh7+ Kxh7 18.Qh5+ Kg8 19.Re3 Rxd4 20.Bxd4 f6 21.Rh3 Be4 22.Re1 Bf5
23.g4 Bc2 24.exf6 Bxf6 25.Bxf6 Rxf6 26.Rc3 Nc6 27.Rxc2 Rh6 28.Qe8+ Kh7 29.f3 Qb6+
30.Kg2 Nd4 31.Rd2 Qa5 32.Rdd1 Qc7 33.h4 Qc2+ 34.Kg3 Ne2+ 35.Rxe2 Qxe2 36.Qa4 Qe5+
37.Qf4 Qxf4+ 38.Kxf4 Rxh4 39.Kg3 Rh6 40.Rd7 e5 41.Rxb7 a6 42.Re7 Rb6 43.b4 Rb5
44.Ra7 Rb6 45.Kf2 Kg6 46.Ke3 Kf6 47.Kd3 Rd6+ 48.Kc4 Rd4+ 49.Kc5 Rd3 50.Rxa6+ Kg5
51.Re6 Kf4 52.a4 Rxf3 53.a5 Rc3+ 54.Kb6 Ra3 55.a6 e4 56.a7 Ra4 57.b5 Kxg4
58.Re8 Kf3 59.a8=Q Rxa8 60.Rxa8 e3 61.Rf8+ Kg2 62.Rg8  1-0

[Event "1st League TCh-SCG"]
[Site "Budva SCG"]
[Date "2003.08.29"]
[Round "1"]
[White "Markovic,Iv SCG"]
[Black "Nikcevic,N"]
[Result "0-1"]
[WhiteElo "2502"]
[BlackElo "2446"]

1.e4 c5 2.c3 Nf6 3.e5 Nd5 4.Nf3 e6 5.Bc4 d6 6.d4 Nb6 7.Bb3 cxd4 8.cxd4 dxe5
9.Nxe5 Nc6 10.Nf3 Be7 11.Nc3 O-O 12.O-O Bd7 13.Re1 Rc8 14.a3 Na5 15.Bc2 Nac4
16.Qd3 g6 17.h4 Bc6 18.Ng5 Bf6 19.Rd1 Nd6 20.Qg3 Nf5 21.Bxf5  0-1

[Event "1st League TCh-SCG"]
[Site "Budva SCG"]
[Date "2003.08.29"]
[Round "1"]
[White "Miljanic,B"]
[Black "Ristic,Nen"]
[Result "1/2-1/2"]
[WhiteElo "2412"]
[BlackElo "2488"]

1.e4 c5 2.c3 Nf6 3.e5 Nd5 4.d4 cxd4 5.cxd4 e6 6.Nc3 Nxc3 7.bxc3 d6 8.f4 dxe5
9.fxe5 Qc7 10.Bd2 Be7 11.Nf3 O-O 12.Bd3 b6 13.Qe2 Bb7 14.O-O Nd7 15.Ng5 Bxg5
16.Bxg5 Qxc3 17.Be3 Rac8 18.Rac1 Qa3 19.Rxc8 Rxc8 20.Bxh7+ Kxh7 21.Qh5+ Kg8
22.Qxf7+ Kh8 23.Qh5+ Kg8  1/2-1/2

[Event "1st League TCh-SCG w"]
[Site "Budva SCG"]
[Date "2003.08.29"]
[Round "1"]
[White "Maric,M"]
[Black "Milovanov,O"]
[Result "1-0"]
[WhiteElo "2300"]
[BlackElo "2054"]

1.e4 c5 2.c3 Nf6 3.e5 Nd5 4.Nf3 e6 5.Bc4 Nb6 6.Bb3 c4 7.Bc2 d6 8.d4 cxd3
9.Qxd3 Nc6 10.exd6 Qxd6 11.Qc4 Nd5 12.O-O Nf6 13.Qh4 Be7 14.Na3 Ne5 15.Nxe5 Qxe5
16.Nc4 Qc5 17.Bg5 Bd7 18.a4 Rc8 19.b3 Nd5 20.Bxe7 Qxe7 21.Qd4 O-O 22.Qxa7 Nxc3
23.Qxb7 Ne2+ 24.Kh1 Nf4 25.Qe4 Qh4 26.g3  1-0

[Event "Acropolis GM"]
[Site "Athens GRE"]
[Date "2003.08.30"]
[Round "6"]
[White "Tzermiadianos,And"]
[Black "Parligras,M"]
[Result "0-1"]
[WhiteElo "2418"]
[BlackElo "2525"]

1.e4 c5 2.c3 Nf6 3.e5 Nd5 4.Nf3 e6 5.Bc4 d6 6.d4 cxd4 7.cxd4 Nc6 8.O-O Be7
9.a3 O-O 10.Re1 Bd7 11.Bd2 Rc8 12.Nc3 Nxc3 13.Bxc3 Na5 14.Bd3 Nc4 15.Qe2 d5
16.Rac1 a5 17.Qc2 h6 18.Qe2 b5 19.Bb1 b4 20.axb4 axb4 21.Qd3 g6 22.Bd2 Kg7
23.b3 Nxd2 24.Qxd2 Qa5 25.Rxc8 Rxc8 26.Rc1 Bd8 27.Rxc8 Bxc8 28.h4 h5 29.Qc2 Ba6
30.Kh2 Qa1 31.Qc6 Qxb1 32.Qxa6 Qe4 33.Kg1 Bxh4 34.Nxh4 Qxh4 35.Qb6 Qe7 36.g3 g5
37.Kg2 h4 38.Qb5 f6 39.exf6+ Kxf6 40.gxh4 gxh4 41.Kh3 Kf7 42.Qd3 Qg5 43.Qh7+ Kf6
44.Qh8+ Kg6 45.Qg8+ Kf5 46.Qf8+ Ke4 47.Qxb4 Qf5+ 48.Kxh4 Qxf2+ 49.Kh5 Qxd4
50.Qe1+ Qe3 51.Qb1+ Ke5 52.Qa1+ d4 53.Qa5+ Kf4 54.Qg5+ Ke4 55.Qg4+ Kd3 56.b4 Kc4
57.Qd1 d3 58.Qa4 d2 59.b5+ Kd3 60.Qb3+ Ke2 61.Qc4+ Kf2 62.Qh4+ Kg2 63.Qg4+ Kh2
64.Qd1 Qe1 65.Qc2 Qe2+  0-1

[Event "ch-ISL"]
[Site "Hafnarborg ISL"]
[Date "2003.08.30"]
[Round "7"]
[White "Asmundsson,I"]
[Black "Stefansson,H"]
[Result "0-1"]
[WhiteElo "2321"]
[BlackElo "2560"]

1.e4 c5 2.c3 Nf6 3.e5 Nd5 4.d4 cxd4 5.Qxd4 e6 6.Bc4 Nb6 7.Bb3 Nc6 8.Qe4 d5
9.exd6 Bxd6 10.Nf3 Qc7 11.Be3 Bd7 12.Nbd2 Na5 13.Bxb6 axb6 14.Bc2 f5 15.Qe2 O-O
16.O-O e5 17.h3 Rae8 18.Rfe1 Kh8 19.Rad1 b5 20.Bb1 Rf6 21.b4 Nc6 22.Nb3 e4
23.Nfd4 Nxd4 24.cxd4 Bxb4 25.Rc1 Qf4 26.Red1 Bd6 27.g3 Qh6 28.Qf1 f4 29.g4 f3
30.Nd2 Qf4  0-1

[Event "HMC Calder Cup B"]
[Site "'s-Hertogenbosch NED"]
[Date "2003.08.31"]
[Round "5"]
[White "Span,P"]
[Black "Mainka,R"]
[Result "0-1"]
[WhiteElo "2279"]
[BlackElo "2454"]

1.e4 c5 2.c3 Nf6 3.e5 Nd5 4.d4 cxd4 5.Nf3 e6 6.cxd4 d6 7.Bc4 Nc6 8.O-O Be7
9.Qe2 O-O 10.Qe4 Qc7 11.Bd3 f5 12.exf6 Nxf6 13.Qe2 Nb4 14.Nc3 Nxd3 15.Qxd3 Bd7
16.Re1 Rae8 17.Ng5 Bd8 18.Nce4 g6 19.h4 Bc6 20.Nxf6+ Rxf6 21.Ne4 Rf5 22.Bg5 Bxe4
23.Rxe4 Bxg5 24.hxg5 d5 25.Rg4 Qb6 26.Qd2 Rc8 27.Rc1 Rcf8 28.Rc2 e5 29.dxe5 Rxe5
30.Rb4 Qe6 31.f4 Re4 32.Rxe4 Qxe4 33.Rc5 d4 34.Re5 Qxf4 35.Qxf4 Rxf4 36.Rd5 Kf7
37.g3 Ke6 38.Rd8 Rf3 39.Kg2 Rd3 40.a4 a5 41.Ra8 b6 42.b4 axb4 43.Ra6 Kd5
44.Rxb6 Kc5 45.Rb7 Ra3  0-1

[Event "Acropolis GM"]
[Site "Athens GRE"]
[Date "2003.08.31"]
[Round "7"]
[White "Parligras,M"]
[Black "Mastrovasilis,D"]
[Result "0-1"]
[WhiteElo "2525"]
[BlackElo "2493"]

1.e4 c5 2.c3 Nf6 3.e5 Nd5 4.g3 d6 5.exd6 e6 6.Bg2 Bxd6 7.Nf3 Nc6 8.O-O O-O
9.d4 cxd4 10.Nxd4 Nxd4 11.Qxd4 Qc7 12.Nd2 Rd8 13.Re1 Bd7 14.Ne4 Be5 15.Qd3 Bc6
16.Ng5 g6 17.Qc4 Bg7 18.Nf3 Rac8 19.Qh4 e5 20.Bh6 Bh8 21.Rad1 Re8 22.Ng5 Rcd8
23.Ne4 f5 24.c4 Nb6 25.c5 Nc4 26.Bf1 Nxb2 27.Nd6 e4 28.Nxe8 Rxe8 29.Rb1 Qa5
30.Rec1 Qa4 31.Bg5 Rf8 32.Qf4 Bg7 33.Qd2 Qd4 34.Rc2 Nd3 35.Rd1 Qd5 36.Bg2 Ba4
37.Rb1 Bxc2 38.Qxc2 Qxc5 39.Qxc5 Nxc5 40.Be7 Rc8 41.Bxc5 Rxc5 42.Rxb7 Rc2
43.Rb8+ Kf7 44.Rb7+ Kg8 45.Rb8+ Bf8 46.Bf1 Kg7 47.Rb7+ Kh6 48.Rxa7 Bc5 49.Ra5 Bxf2+
50.Kh1 Kg5 51.a4 Bd4 52.Rb5 Rb2 53.Bc4 Rd2 54.Rb1 Kg4 55.a5 Rc2 56.Bb5 g5
57.a6 f4 58.Bd7+ Kf3 59.gxf4 gxf4 60.Rf1+ Ke3 61.Bf5 f3 62.Bxh7 Kf4 63.Re1 Re2
64.Rf1 e3 65.Bg8 Rd2 66.Bc4 e2 67.Bxe2 Rxe2 68.Rd1 Ke3 69.Kg1 Rg2+ 70.Kh1 Ra2
71.h4 Rxa6 72.h5 Ra1 73.Rxa1 Bxa1  0-1

[Event "Acropolis Open"]
[Site "Athens GRE"]
[Date "2003.08.31"]
[Round "7"]
[White "Gesos,P"]
[Black "Stamenkov,V"]
[Result "0-1"]
[WhiteElo "2316"]
[BlackElo "2411"]

1.e4 c5 2.c3 Nf6 3.e5 Nd5 4.d4 cxd4 5.Qxd4 e6 6.Nf3 Nc6 7.Qe4 f5 8.Qe2 Qc7
9.g3 Nde7 10.Na3 Ng6 11.Nb5 Qb8 12.Bf4 a6 13.Nbd4 Nxd4 14.Nxd4 b5 15.Bg2 Bb7
16.Bxb7 Qxb7 17.O-O-O Rc8 18.Rhe1 Bc5 19.Qd2 Bxd4 20.Qxd4 Rc4 21.Qd2 b4 22.Re3 Ne7
23.Qe2 bxc3 24.Rxc3 Rxc3+ 25.bxc3 O-O 26.Qb2 Qc7 27.Rd4 Rc8 28.Bd2 Nc6 29.Rc4 Rb8
30.Qa3 Qb6 31.Kd1 Qxf2 32.Rf4 Qg1+ 33.Ke2 Qg2+ 34.Kd1 g5 35.Rb4 Qf3+  0-1

[Event "1st League TCh-SCG w"]
[Site "Budva SCG"]
[Date "2003.08.31"]
[Round "3"]
[White "Maric,M"]
[Black "Tuvic,N"]
[Result "1/2-1/2"]
[WhiteElo "2300"]
[BlackElo "2009"]

1.e4 c5 2.c3 Nf6 3.e5 Nd5 4.g3 e6 5.Bg2 d6 6.Nf3 dxe5 7.Nxe5 Bd6 8.d4 Qc7
9.Nf3 Nc6 10.Na3 a6 11.Nc4 Be7 12.Nce5 cxd4 13.Nxc6 bxc6 14.Nxd4 c5 15.Ne2 Bb7
16.O-O O-O 17.c4 Nb4 18.Bf4 Qb6 19.Bxb7 Qxb7 20.Qb3  1/2-1/2

[Event "European GP"]
[Site "Izmir TUR"]
[Date "2003.09.01"]
[Round "7"]
[White "Rukhaia,K"]
[Black "Bagaturov,G"]
[Result "1-0"]
[WhiteElo "2204"]
[BlackElo "2462"]

1.e4 c5 2.c3 Nf6 3.e5 Nd5 4.d4 cxd4 5.Nf3 Nc6 6.cxd4 d6 7.exd6 e6 8.Nc3 Nxc3
9.bxc3 Bxd6 10.Bd3 Qc7 11.O-O Bd7 12.Re1 O-O-O 13.Rb1 Kb8 14.c4 Bc8 15.Be3 Bf4
16.Qa4 Bxe3 17.fxe3 f5 18.Rb2 Rhg8 19.Reb1 g5 20.Nd2 Rg7 21.Nb3 Ka8 22.Nc5 Qd6
23.Nb3 Bd7 24.c5 Qc7 25.Nd2 Ne5 26.Bb5 Ng4 27.Nf1 Bxb5 28.Rxb5 Qc6 29.Qa5 Rc8
30.R1b3 Qd5 31.Rb6 Qc4 32.h3 Nh6 33.Rc3 Qe2 34.c6 bxc6 35.Rbxc6 Rxc6 36.Rxc6 Rb7
37.Rxe6 Qc4 38.Rxh6 Rc7 39.Qxf5 Qxa2 40.Qe4+  1-0

[Event "Polish Extraleague"]
[Site "Lubniewice POL"]
[Date "2003.09.01"]
[Round "3"]
[White "Radziewicz,I"]
[Black "Maszota,N"]
[Result "1-0"]
[WhiteElo "2419"]
[BlackElo "2063"]

1.e4 c5 2.c3 Nf6 3.e5 Nd5 4.d4 e6 5.Nf3 cxd4 6.cxd4 Nc6 7.Nc3 d6 8.Nxd5 exd5
9.Be2 dxe5 10.dxe5 Bc5 11.O-O Be6 12.a3 a5 13.Bg5 Qb6 14.b4 axb4 15.axb4 Rxa1
16.Qxa1 Be7 17.Qa8+ Nd8 18.Bxe7 Kxe7 19.b5 Qc5 20.Qa1 Re8 21.Rc1 Qb4 22.Nd4 Kf8
23.Bf1 Kg8 24.Rc7 h6 25.Qd1 Qa5 26.Nxe6 Nxe6 27.Rd7 Rd8 28.Qxd5 Rxd7 29.Qxd7 b6
30.Qe8+ Nf8 31.Qd8 g6 32.h4 h5 33.g3 Kg7 34.Qf6+ Kg8 35.Bc4 Qa7 36.e6 fxe6
37.Bxe6+ Nxe6 38.Qxe6+ Kg7 39.Kg2 Qc7 40.Qc6 Qd8 41.Qb7+ Kg8 42.Qe4 Kg7 43.Qe5+ Kf7
44.Qf4+ Kg7 45.f3 Qd7 46.Qe5+ Kf7 47.Qg5 Qd3 48.Qf4+ Kg7 49.Qe5+ Kf7 50.g4 hxg4
51.fxg4 Qd2+ 52.Kf3 Qd3+ 53.Kf2 Qd2+ 54.Qe2 Qd4+ 55.Kg3 Qd6+ 56.Kg2 Kg7 57.Qf3 Qd2+
58.Kh3 Qd4 59.Qe2 Kf7 60.g5 Qf4 61.Qa2+ Kf8 62.Qa8+ Kg7 63.Qb7+ Kg8 64.Qxb6 Qf3+
65.Kh2 Qf4+ 66.Kg1 Qc1+ 67.Kf2 Qd2+ 68.Kf3 Qd3+ 69.Kf4 Qf5+ 70.Ke3 Qh3+ 71.Kd2 Qg2+
72.Kc3 Qg3+ 73.Kc4 Qf4+ 74.Qd4 Qc7+ 75.Kb3 Kh7 76.b6  1-0

[Event "Acropolis Open"]
[Site "Athens GRE"]
[Date "2003.09.02"]
[Round "9"]
[White "Skiadopoulos,N"]
[Black "Efstathiou,D"]
[Result "0-1"]
[WhiteElo "2225"]
[BlackElo "2175"]

1.e4 c5 2.c3 Nf6 3.e5 Nd5 4.d4 cxd4 5.Nf3 Nc6 6.Bc4 Nb6 7.Bb3 d6 8.exd6 Qxd6
9.O-O Be6 10.Na3 dxc3 11.Qe2 Bxb3 12.axb3 a6 13.bxc3 Rd8 14.c4 Qd3 15.Qb2 Nd7
16.Bf4 Qf5 17.Bc7 Rc8 18.Bg3 e5 19.Nc2 f6 20.b4 Nd8 21.b5 axb5 22.Ne3 Qe6
23.Qxb5 Bc5 24.Rfd1 Bxe3 25.fxe3 Qc6 26.Qb2 Ne6 27.Nh4 g6 28.Qb1 Kf7 29.c5 Nexc5
30.Ra2 Rhd8 31.Rb2 Nf8 32.Rf1 Nfd7 33.Nf3 Kg7 34.h4 h5 35.Be1 b6 36.Nd2 Na4
37.Rb4 Nc3 38.Qb3 Nd5 39.Rc4 Nc5 40.Qa3 Ra8 41.Qc1 Nxe3  0-1

[Event "1st League TCh-SCG"]
[Site "Budva SCG"]
[Date "2003.09.02"]
[Round "5"]
[White "Miljanic,B"]
[Black "Pavlovic,Mi"]
[Result "1/2-1/2"]
[WhiteElo "2412"]
[BlackElo "2569"]

1.e4 c5 2.c3 Nf6 3.e5 Nd5 4.d4 cxd4 5.cxd4 e6 6.Nc3 Nxc3 7.bxc3 d6 8.f4 Qc7
9.Bd2 Nc6 10.Nf3 Bd7 11.Bd3 O-O-O 12.O-O f6 13.exf6 gxf6 14.d5 exd5 15.Qb3 Na5
16.Qxd5 Qc5+ 17.Qd4 Nc6 18.Qf2 Qxf2+ 19.Kxf2 d5 20.Be3 b6 21.Ba6+ Kc7 22.Nd4 Nxd4
23.Bxd4 Bc5 24.Rfd1 Ba4 25.Rdb1  1/2-1/2

[Event "Polish Extraleague"]
[Site "Lubniewice POL"]
[Date "2003.09.02"]
[Round "4"]
[White "Erenska,H"]
[Black "Jaracz,B"]
[Result "1-0"]
[WhiteElo "2244"]
[BlackElo "2341"]

1.e4 c5 2.c3 Nf6 3.e5 Nd5 4.Nf3 e6 5.Bc4 Nb6 6.Bb3 d6 7.d4 Nc6 8.dxc5 dxc5
9.Qe2 Qc7 10.O-O Be7 11.Re1 Nd7 12.Bf4 b6 13.Na3 a6 14.Nc4 O-O 15.a4 Bb7
16.Bc2 Rfd8 17.Ng5 Nf8 18.Qh5 Bxg5 19.Bxg5 Rd7 20.Re3 Ne7 21.Bxe7 Rxe7 22.Nd6 g6
23.Qg5 Rd8 24.Be4 Bc8 25.Bf3 Red7 26.Ne4 Kg7 27.Nf6 Rd2 28.Ng4 Nd7 29.Qh6+ Kh8
30.Nf6 Nxf6 31.exf6 Rg8 32.Bg4  1-0

[Event "1st League TCh-SCG"]
[Site "Budva SCG"]
[Date "2003.09.03"]
[Round "6"]
[White "Markovic,Miros"]
[Black "Ilincic,Z"]
[Result "1/2-1/2"]
[WhiteElo "2525"]
[BlackElo "2557"]

1.e4 c5 2.c3 Nf6 3.e5 Nd5 4.Nf3 Nc6 5.g3 d6 6.exd6 e5 7.d3 Bxd6 8.Bg2 O-O
9.O-O h6 10.Nbd2 Re8 11.a4 Rb8 12.Re1 Bf5 13.Nh4 Be6 14.Nc4 Bc7 15.Nf3 Bf5
16.Nh4 Be6 17.Nf3 Bf5  1/2-1/2

[Event "56th ch-RUS"]
[Site "Krasnoyarsk RUS"]
[Date "2003.09.03"]
[Round "1"]
[White "Kornev,Alexe"]
[Black "Khairullin,I"]
[Result "1-0"]
[WhiteElo "2566"]
[BlackElo "2445"]

1.e4 c5 2.c3 Nf6 3.e5 Nd5 4.d4 cxd4 5.Nf3 e6 6.cxd4 b6 7.Nc3 Nxc3 8.bxc3 Qc7
9.Bd2 Bb7 10.Bd3 d6 11.O-O Nd7 12.Bf4 Be7 13.Re1 O-O 14.Rc1 Bxf3 15.Qxf3 dxe5
16.dxe5 Nc5 17.Bc2 Rfd8 18.Re3 g6 19.Bh6 Rac8 20.Qg4 Rd5 21.h4 Rcd8 22.h5 Nd3
23.Qg3 Qxc3 24.Rxd3 Rxd3 25.Bxd3 Qxd3 26.Qxd3 Rxd3 27.Rc7 Bd8 28.Rxa7 gxh5
29.Kh2 Rd5 30.f4 b5 31.Ra8 f6 32.Ra7 fxe5 33.f5 Rd4 34.Rg7+ Kf8 35.fxe6 Ke8
36.Rg8+ Ke7 37.Bg5+ Kxe6 38.Rxd8 Ra4 39.Rd2 e4 40.Kg3 Kf5 41.Rd5+ Ke6 42.Rxb5 Rxa2
43.Bf4 h4+ 44.Kh3 Rf2 45.Re5+ Kf6 46.Rxe4 Kf5 47.Be3 Re2 48.Rf4+  1-0

[Event "V Open"]
[Site "Sants ESP"]
[Date "2003.09.04"]
[Round "6"]
[White "Vila Gazquez,Ja"]
[Black "Stocek,J"]
[Result "0-1"]
[WhiteElo "2246"]
[BlackElo "2539"]

1.e4 c5 2.c3 Nf6 3.e5 Nd5 4.d4 cxd4 5.Nf3 d6 6.cxd4 Nc6 7.exd6 Qxd6 8.Nc3 Bg4
9.Be2 e6 10.O-O Be7 11.h3 Bh5 12.Ne4 Qc7 13.Be3 O-O 14.Qb3 Nf4 15.Bxf4 Qxf4
16.Qe3 Qc7 17.Rfd1 Rad8 18.Ng3 Bg6 19.Ne5 Bf6 20.Nxc6 Qxc6 21.Rd2 Qa4 22.b3 Qa5
23.Rad1 Bg5 24.f4 Be7 25.Kh1 Bb4 26.Rb2 Qa3 27.Rbd2 Bxd2 28.Rxd2 Qc1+ 29.Kh2 h6
30.Bd3  0-1

[Event "1st League TCh-SCG"]
[Site "Budva SCG"]
[Date "2003.09.05"]
[Round "7"]
[White "Petronijevic,Z"]
[Black "Solak,D"]
[Result "0-1"]
[WhiteElo "2408"]
[BlackElo "2521"]

1.e4 c5 2.c3 Nf6 3.e5 Nd5 4.d4 cxd4 5.Qxd4 e6 6.Nf3 Nc6 7.Qe4 d6 8.Nbd2 dxe5
9.Nxe5 Nf6 10.Qa4 Qc7 11.Nxc6 Bd7 12.Nf3 Bd6 13.Bg5 bxc6 14.Bxf6 gxf6 15.Bd3 Rb8
16.Rb1 f5 17.O-O Rg8 18.Qh4 Rg7 19.Rfe1 Kf8 20.Re2 c5 21.Rd1 Bc6 22.Ne1 Kg8
23.Bb1 Kh8 24.Qh3 Rbg8 25.f3 Rg6 26.Qh4 Be7 27.Qf2 Bd6 28.Qh4 Bb5 29.Rc2 Bf4
30.c4 Ba4 31.b3 Rh6 32.Qf2 Bxh2+ 33.Kf1 Be8 34.Qd2 Bf4 35.Qc3+ Be5 36.Qe3 Rh1+
37.Ke2 Bf6 38.f4 Bc6 39.g3 Rh3 40.Rc3 Qa5 41.Rcd3 Be4 42.Rd7 Bxb1 43.Rxf7 Qxa2+
44.Rd2 Rh2+  0-1

[Event "1st League TCh-SCG w"]
[Site "Budva SCG"]
[Date "2003.09.07"]
[Round "9"]
[White "Kalevic,S"]
[Black "Gaponenko,I"]
[Result "0-1"]
[WhiteElo "2273"]
[BlackElo "2399"]

1.e4 c5 2.c3 Nf6 3.e5 Nd5 4.Nf3 e6 5.Bc4 d6 6.d4 cxd4 7.cxd4 Nb6 8.Bb3 dxe5
9.Nxe5 Nc6 10.Nxc6 bxc6 11.O-O Be7 12.Nc3 O-O 13.Qd3 a5 14.Bc2 g6 15.Rd1 Nd5
16.Qf3 Rb8 17.Bh6 Re8 18.Ba4 Bd7 19.Rab1 Rb4 20.Bb3 Bc8 21.Ne4 Ba6 22.Rd2 f5
23.Nc3 Bg5 24.Bxg5 Qxg5 25.Rbd1 Bc4 26.Bxc4 Rxc4 27.Nxd5 cxd5 28.Qe2 Kf7
29.b3 Rc3 30.Re1 Qf4 31.Rd3 Rc6 32.g3 Qd6 33.Qd2 Qb4 34.Qxb4 axb4 35.Re2 Rc1+
36.Kg2 g5 37.Kh3 Rec8 38.Kg2 h5 39.h3 g4 40.hxg4 hxg4 41.Rde3 R8c6 42.Rd2 Rb1
43.f3 Rc3 44.Rxc3 bxc3 45.Rc2 Rb2  0-1

[Event "1st League TCh-SCG"]
[Site "Budva SCG"]
[Date "2003.09.07"]
[Round "9"]
[White "Miljanic,B"]
[Black "Misailovic,N"]
[Result "1-0"]
[WhiteElo "2412"]
[BlackElo "2335"]

1.e4 c5 2.c3 Nf6 3.e5 Nd5 4.d4 cxd4 5.cxd4 e6 6.Nc3 d6 7.Nxd5 exd5 8.Nf3 Be7
9.h3 Nc6 10.Bd3 Qa5+ 11.Bd2 Qb6 12.Bc3 Bd7 13.O-O dxe5 14.dxe5 d4 15.e6 Bxe6
16.Nxd4 Nxd4 17.Bxd4 Qa5 18.Re1 O-O 19.Re5 Qb4 20.Qh5 h6 21.Bc3 Qh4 22.Qe2 Rad8
23.Re1 Bf6 24.Rh5 Qf4 25.g3 Qd6 26.Bxf6 Qxd3 27.Bxd8 Qxd8 28.a3 Qd7 29.Re5 a6
30.Rd1 Qc6 31.Re3 Qb6 32.Qd2 Qb5 33.Rd3 Kh7 34.Rd4 g6 35.b4 Qf5 36.g4 Qb5
37.Qf4 Bb3 38.Rd8 Rxd8 39.Rxd8  1-0

[Event "1st Misr Closed"]
[Site "Cairo EGY"]
[Date "2003.09.07"]
[Round "7"]
[White "Jonkman,H"]
[Black "Kveinys,A"]
[Result "1/2-1/2"]
[WhiteElo "2424"]
[BlackElo "2539"]

1.e4 c5 2.c3 Nf6 3.e5 Nd5 4.Nf3 d6 5.d4 cxd4 6.Qxd4 e6 7.exd6 Qxd6 8.Bd3 Nf6
9.Qe3 Be7 10.O-O Nbd7 11.c4 O-O 12.Nc3 b6 13.Nb5 Qb8 14.Qg5 Bb7 15.Bf4 Qd8
16.Bc7 Qc8 17.Bd6 Bxd6 18.Nxd6 Qc7 19.Nxb7 Qxb7 20.Rfd1 Nc5 21.Bf1 Rad8 22.Qe3 a5
23.Ne5 Qc7 24.f4 Rxd1 25.Rxd1 Rd8 26.Rd4 Rd6 27.Be2 Rxd4 28.Qxd4 Nfe4 29.g3 Nd6
30.b3 Nf5 31.Qd1 f6 32.Nd3 Qd6 33.Nf2 Nd4 34.Bf3 f5 35.h4 Kf7 36.Kg2 Ke7
37.Kh3 Kd8 38.Bg2 g6 39.Qd2 Kc7 40.Nd1 Nd7 41.Nc3 Nf6 42.Bh1 h5 43.Qg2 Nd7
44.Qd2 Nc5 45.Qg2 Qd8 46.Qd2 Qd6 47.Qg2 Qd8 48.Qd2  1/2-1/2

[Event "It"]
[Site "Poitou Charentes FRA"]
[Date "2003.09.08"]
[Round "3"]
[White "Bedouin,X"]
[Black "Gladyszev,O"]
[Result "0-1"]
[WhiteElo "2229"]
[BlackElo "2455"]

1.e4 c5 2.c3 Nf6 3.e5 Nd5 4.d4 cxd4 5.cxd4 g6 6.Nf3 Bg7 7.Qb3 Nc7 8.Nc3 O-O
9.Be3 Nc6 10.Be2 d6 11.exd6 Qxd6 12.Rd1 Bf5 13.Rd2 Rad8 14.O-O b6 15.Rc1 Nb4
16.Ne5 Nbd5 17.Nc4 Qe6 18.a4 Nxe3 19.fxe3 Nd5 20.Nxd5 Qxd5 21.Qb5 Be4 22.Qxd5 Bxd5
23.Bf3 f5 24.Ne5 Bxe5 25.dxe5 Bxf3 26.Rxd8 Rxd8 27.gxf3 Kf7 28.Rc7 Rd4 29.Kf2 Rd2+
30.Kg3 a5 31.b4 axb4 32.Rb7 Ra2 33.Rxb6 Rxa4 34.Kf4 b3+ 35.Kg5 Kg7 36.f4 Ra2
37.h3 Rg2+ 38.Kh4 b2  0-1

[Event "14th ch-NATO"]
[Site "Hoevelte DEN"]
[Date "2003.09.11"]
[Round "5"]
[White "Nielsen,RO"]
[Black "Taffinder,D"]
[Result "1-0"]
[WhiteElo "2231"]
[BlackElo "2102"]

1.e4 c5 2.c3 Nf6 3.e5 Nd5 4.d4 cxd4 5.Nf3 e6 6.Bc4 dxc3 7.Bxd5 cxb2 8.Bxb2 exd5
9.O-O Be7 10.Nc3 O-O 11.Nxd5 Nc6 12.Qa4 Re8 13.Qf4 Rb8 14.Qg3 Kh8 15.Rac1 Bf8
16.Ng5 Qa5 17.Nxf7+ Kg8 18.Nh6+ Kh8 19.Nf6 Re7 20.Qb3 d5 21.exd6 Be6 22.Qxe6 Rxe6
23.Nf7+  1-0

[Event "TCh-CRO"]
[Site "Rabac CRO"]
[Date "2003.09.12"]
[Round "6"]
[White "Ljubicic,F"]
[Black "Hracek,Z"]
[Result "0-1"]
[WhiteElo "2409"]
[BlackElo "2584"]

1.e4 c5 2.c3 Nf6 3.e5 Nd5 4.Nf3 Nc6 5.Bc4 Nb6 6.Bb3 c4 7.Bc2 Qc7 8.Qe2 g5
9.Nxg5 Qxe5 10.d4 cxd3 11.Bxd3 Qxe2+ 12.Bxe2 h6 13.Nf3 Bg7 14.Na3 O-O 15.Nb5 d6
16.O-O Bd7 17.Re1 Rac8 18.Bd3 Rfd8 19.Nbd4 e6 20.Re4 Ne5 21.Bc2 Bc6 22.Nxc6 Nxf3+
23.gxf3 Rxc6 24.Rh4 Nc4 25.Rb1 Ne5 26.Kg2 f5 27.Ra4 a6 28.Rb4 Rd7 29.Ba4 b5
30.Bb3 d5 31.a4 Rb7 32.axb5 axb5 33.Rh4 Ng6 34.Rh5 b4 35.Ba4 Rc8 36.Bxh6 Bxh6
37.Rxh6 Kg7 38.Rxg6+ Kxg6 39.cxb4 Kf6 40.b5 Rc4 41.Bd1 Rb4 42.Be2 Rc7 43.f4 Rc2
44.Bd3 Rd2 45.Bf1 Rxf4  0-1

[Event "EYb14"]
[Site "Budva YUG"]
[Date "2003.09.13"]
[Round "1"]
[White "Zhigalko,S"]
[Black "Beck,F"]
[Result "1-0"]
[WhiteElo "2399"]
[BlackElo "2087"]

1.e4 c5 2.c3 Nf6 3.e5 Nd5 4.Nf3 e6 5.Bc4 Nb6 6.Bb3 d6 7.exd6 Bxd6 8.d4 N8d7
9.O-O O-O 10.Re1 Nf6 11.Bg5 Nbd7 12.Nbd2 Qc7 13.Nc4 Bf4 14.Nce5 Nxe5 15.Bxf4 Nxf3+
16.Qxf3 Qe7 17.d5 Re8 18.Rad1 b6 19.dxe6 Bxe6 20.Bd6 Qd7 21.Bxe6 fxe6 22.Bxc5 Qb5
23.Bd4 Qd5 24.Qg3 Qf5 25.Re5 Qg4 26.Qxg4 Nxg4 27.Rg5 e5 28.Rxg4 exd4 29.Rgxd4 Re2
30.R4d2 Rae8 31.Kf1 Rxd2 32.Rxd2 Re7 33.Rd4 Kf7 34.f3 g6 35.Rf4+ Kg7 36.Re4 Rd7
37.Ke2 h5 38.h4 Kf6 39.c4 Kf5 40.b4 a5 41.bxa5 bxa5 42.Ke3 Rd1 43.c5 Rc1
44.Kd4 a4 45.Kd5 a3 46.c6 Rc2 47.Rc4 Rxa2 48.c7  1-0

[Event "EYb16"]
[Site "Budva YUG"]
[Date "2003.09.14"]
[Round "2"]
[White "Rakitskij,D"]
[Black "Czarnota,P"]
[Result "0-1"]
[WhiteElo "2183"]
[BlackElo "2353"]

1.e4 c5 2.c3 Nf6 3.e5 Nd5 4.d4 cxd4 5.Qxd4 e6 6.Nf3 Nc6 7.Qe4 f5 8.Qe2 Be7
9.g3 O-O 10.Bg2 b5 11.O-O a6 12.a4 bxa4 13.Rxa4 Nb6 14.Ra1 a5 15.Rd1 Ba6
16.Qe1 Qc7 17.Bf4 Nc4 18.Ra2 Rfb8 19.b3 Rxb3 20.Nd4 Rb6 21.Nd2 Rc8 22.Nxf5 Nb2
23.Nxe7+ Nxe7 24.Rda1 Nd3 25.Qd1 Nxf4 26.gxf4 Ng6 27.Rxa5 Bb7 28.Bxb7 Qxb7
29.Ra7 Qd5 30.c4 Qd4 31.Nf1 Rxc4 32.Rxd7 Qxd1 33.Ra8+ Nf8 34.Rxd1 Rxf4 35.Rd2 h5
36.Kg2 Rb5 37.Re2 Rg4+ 38.Ng3 h4 39.Kh3 Rf4 40.Nh5 Rf5 41.Kxh4 Rb4+ 42.f4 Kh7
43.Kg4 Ng6 44.Re8 Rxh5 45.Kxh5 Nxf4+ 46.Kg5 Nh3+  0-1

[Event "EYb16"]
[Site "Budva YUG"]
[Date "2003.09.14"]
[Round "2"]
[White "Pokazanjev,N"]
[Black "Valeanu,E"]
[Result "0-1"]
[WhiteElo "2381"]
[BlackElo "2222"]

1.e4 c5 2.c3 Nf6 3.e5 Nd5 4.d4 cxd4 5.Nf3 e6 6.cxd4 d6 7.Nc3 Nxc3 8.bxc3 Qc7
9.Bd2 Nd7 10.exd6 Bxd6 11.Bd3 b6 12.O-O Bb7 13.Re1 O-O 14.h3 Rfe8 15.Qc2 Bxf3
16.gxf3 Nf8 17.Bb5 Red8 18.Qe4 Ng6 19.c4 Bf4 20.Bc3 Qe7 21.Kf1 Qa3 22.Qc2 a6
23.Bc6 Rac8 24.d5 Qc5 25.Qb3 Rxc6 26.dxc6 Rd3 27.Ke2 Re3+ 28.fxe3 Qxe3+ 29.Kf1 Qxf3+
30.Kg1 Qg3+ 31.Kf1 Qxh3+ 32.Ke2 Qe3+ 33.Kf1 Qf3+ 34.Kg1 Nh4 35.Qb2 Qg3+ 36.Kf1 Qh3+
37.Kg1 Bh2+ 38.Qxh2 Nf3+ 39.Kf2 Nxh2 40.Rec1 Ng4+ 41.Ke2 Qg2+ 42.Kd3 Qxc6
43.a4 h5 44.a5 b5 45.cxb5 Qxb5+ 46.Kd2 Qd5+ 47.Ke2 e5 48.Rab1 e4  0-1

[Event "EYb18"]
[Site "Budva YUG"]
[Date "2003.09.14"]
[Round "2"]
[White "Semcesen,D"]
[Black "Gerzhoy,L"]
[Result "1-0"]
[WhiteElo "2234"]
[BlackElo "2410"]

1.e4 c5 2.c3 Nf6 3.e5 Nd5 4.d4 cxd4 5.Nf3 Nc6 6.cxd4 d6 7.Bc4 Nb6 8.Bb3 d5
9.Nh4 e6 10.Nf3 Bd7 11.O-O Be7 12.Nc3 Rc8 13.a3 Na5 14.Bc2 Nac4 15.Ne2 Bb5
16.Bd3 Qd7 17.b3 Na5 18.Bg5 Bxd3 19.Qxd3 Bxg5 20.Nxg5 h6 21.Nh3 Nc6 22.Nhf4 g6
23.h4 Ne7 24.a4 a6 25.a5 Na8 26.Nc3 Nf5 27.h5 g5 28.Nfe2 Rc6 29.Ng3 Nxg3
30.fxg3 Qc7 31.Na4 O-O 32.Rf6 Kg7 33.Raf1 Rc1 34.Rg6+  1-0

[Event "TCh-CRO"]
[Site "Rabac CRO"]
[Date "2003.09.14"]
[Round "8"]
[White "Stevic,H"]
[Black "Palac,M"]
[Result "1/2-1/2"]
[WhiteElo "2557"]
[BlackElo "2561"]

1.e4 c5 2.c3 Nf6 3.e5 Nd5 4.d4 cxd4 5.Nf3 Nc6 6.cxd4 d6 7.Bc4 Nb6 8.Bb5 dxe5
9.Nxe5 Bd7 10.Nxd7 Qxd7 11.Nc3 e6 12.O-O Rd8 13.Be3 Be7 14.Rc1 O-O 15.Qf3 a6
16.Bxc6  1/2-1/2

[Event "TCh-CRO"]
[Site "Rabac CRO"]
[Date "2003.09.14"]
[Round "8"]
[White "Pavasovic,D"]
[Black "Fedorov,Alex"]
[Result "1/2-1/2"]
[WhiteElo "2596"]
[BlackElo "2595"]

1.e4 c5 2.c3 Nf6 3.e5 Nd5 4.d4 cxd4 5.Nf3 Nc6 6.cxd4 d6 7.Bc4 Nb6 8.Bb3 dxe5
9.d5 Na5 10.Nc3 f6 11.O-O g6 12.Be3 Bg7 13.d6 Qxd6 14.Nb5 Qc6 15.Nxa7 Rxa7
16.Rc1 Qd7 17.Bxb6 Nxb3 18.Qxb3 Ra8 19.Rc7 Qe6 20.Bc5 Bf8 21.Qb5+ Kf7 22.a4 b6
23.Qxb6 Qxb6 24.Bxb6 Bh6 25.Be3 Bg7 26.Bc5 Re8 27.Ra1 f5 28.Bb6 e4 29.Nd4 Be5
30.Rc4 Ba6 31.Rb4 Rec8 32.a5 Bd6 33.Rb3 Rc4 34.Nb5 Be5 35.Nc3 Rac8 36.Be3 Bxc3
37.bxc3 Rxc3 38.Rb6 Ra8 39.h4 Rc7 40.Rc1 Rxc1+ 41.Bxc1 Bd3 42.Bd2 Ra7  1/2-1/2